00346nam a22001097a 4500003000400000082001400004100001900018245013500037260004100172300000800213650001500221SGT a150bE20M aMUSHTAQ, IMRAN aEffectiveness Of Discrete Trial Teaching On Cognitive Development Of Children with Development Delays and Autism Spectrum Disorder aSGT UNIVERSITYbSGT UNIVERSITYc2020 a122 aPHD THESIS